Shortest Reigning Monarchs - Statistics

General Stats
  • This quiz has been taken 19 times
  • The average score is 2 of 7
Answer Stats
Country Reign Monarch % Correct
England 9 days Jane
100%
France 20 minutes Louis XIX
33%
France 16 days Napoleon II
33%
Papal States 12 days Urban VII
33%
Castile 3 months Berengaria
11%
Portugal 20 minutes Luís Filipe
11%
China 29 days Taichang
11%
No matching quizzes found
Score Distribution
Percent of People with Each Score
Percentile by Number Answered
Your Score History
You have not taken this quiz